[Event "CRO-chT2W"]
[Site "Croatia"]
[Date "2016.03.05"]
[Round "1.6"]
[White "Starcevic, Andrea"]
[Black "Brzac, Marijan"]
[Result "0-1"]
[WhiteElo "1868"]
[BlackElo "1828"]
[PlyCount "98"]
[EventDate "2016.03.05"]
[EventType "team-tourn"]
[EventRounds "9"]
[EventCountry "CRO"]
[SourceTitle "CBM 171 Extra"]
[Source "ChessBase"]
[SourceDate "2016.04.26"]
[SourceVersion "1"]
[SourceVersionDate "2016.04.26"]
[SourceQuality "1"]
[WhiteTeam "Ravna Gora Goranka"]
[BlackTeam "Krk"]
[WhiteTeamCountry "CRO"]
[BlackTeamCountry "CRO"]

1. c4 e6 2. d4 d5 3. Nc3 Nf6 4. Bf4 Be7 5. Nf3 0-0 6. e3 b6 7. Bd3 Bb7 8. 0-0 a6 9. Rc1 Nbd7 10. cxd5 exd5 11. Bb1 c5 12. Qd3 h6 13. Ne5 c4 14. Qc2 b5 15. Nxd7 Qxd7 16. Be5 g6 17. Ne2 Nh5 18. f4 Ng7 19. Bxg7 Kxg7 20. f5 Qd6 21. Ng3 Bg5 22. Rce1 Rae8 23. Rf3 a5 24. f6+ Kh8 25. Nf5 Qxf6 26. Nxh6 Qg7 27. Ng4 Re4 28. Ne5 Rh4 29. Nxg6+ fxg6 30. Rxf8+ Qxf8 31. Qxg6 Qg8 32. Qf5 Rh6 33. Qd7 Bc6 34. Qc7 a4 35. Qe5+ Bf6 36. Qc7 Qe8 37. Qf4 Bg7 38. Rf1 b4 39. Rf3 Qh5 40. Qb8+ Be8 41. Bf5 c3 42. bxc3 bxc3 43. Bc2 a3 44. Ba4 Qxh2+ 45. Qxh2 Rxh2 46. Bxe8 Rh6 47. Ba4 Rb6 48. Bb3 Bh6 49. Kf1 Rxb3 0-1

[Event "Krk Golden Island op 1st"]
[Site "Malinska"]
[Date "2013.04.12"]
[Round "9"]
[White "Brzac, Marijan"]
[Black "Schmitz, Andreas Arnold"]
[Result "0-1"]
[WhiteElo "1848"]
[BlackElo "2053"]
[PlyCount "60"]
[EventDate "2013.04.06"]
[EventType "swiss"]
[EventRounds "9"]
[EventCountry "CRO"]
[SourceTitle "CBM 153 Extra"]
[Source "ChessBase"]
[SourceDate "2013.04.22"]
[SourceVersion "1"]
[SourceVersionDate "2013.04.22"]
[SourceQuality "1"]

1. b3 e5 2. Bb2 Nc6 3. e3 d6 4. Nf3 e4 5. Nd4 Ne5 6. d3 Nf6 7. Nd2 Bg4 8. f3 exf3 9. N4xf3 Nd5 10. Qe2 Nb4 11. Qd1 Qf6 12. Bxe5 dxe5 13. a3 Nd5 14. Ne4 Qb6 15. Qd2 Nxe3 16. Nxe5 Nxf1 17. Rxf1 Qd4 18. Nxg4 Qxa1+ 19. Ke2 Qxa3 20. Nef6+ gxf6 21. Nxf6+ Kd8 22. Qg5 Be7 23. Qd5+ Qd6 24. Qxb7 Bxf6 25. Qxa8+ Kd7 26. Qf3 Re8+ 27. Kd1 Re6 28. Qg4 Qxh2 29. Rxf6 Qg1+ 30. Kd2 Qe1# 0-1

[Event "Krk Golden Island op 1st"]
[Site "Malinska"]
[Date "2013.04.10"]
[Round "7"]
[White "Brzac, Marijan"]
[Black "Horvath, Reka"]
[Result "0-1"]
[WhiteElo "1848"]
[BlackElo "2042"]
[PlyCount "88"]
[EventDate "2013.04.06"]
[EventType "swiss"]
[EventRounds "9"]
[EventCountry "CRO"]
[SourceTitle "CBM 153 Extra"]
[Source "ChessBase"]
[SourceDate "2013.04.22"]
[SourceVersion "1"]
[SourceVersionDate "2013.04.22"]
[SourceQuality "1"]

1. b3 e5 2. Bb2 Nc6 3. Nf3 f6 4. e3 d5 5. d3 Be6 6. Be2 Qd7 7. c4 Bb4+ 8. Nbd2 dxc4 9. bxc4 Bf5 10. e4 Be6 11. 0-0 Nge7 12. a3 Bxd2 13. Qxd2 Rd8 14. Qc2 Ng6 15. Rfd1 0-0 16. d4 exd4 17. Nxd4 Nxd4 18. Bxd4 Qf7 19. Bxa7 b6 20. Rxd8 Rxd8 21. c5 b5 22. Bxb5 Ra8 23. Qa4 c6 24. Bxc6 Qxa7 25. Qxa7 Rxa7 26. Bd5 Kf7 27. g3 Ne7 28. c6 Nxd5 29. exd5 Bxd5 30. Rc1 Rc7 31. f4 Rxc6 32. Rxc6 Bxc6 33. Kf2 Ke6 34. Ke3 Kf5 35. h3 Bg2 36. g4+ Ke6 37. h4 f5 38. g5 Bc6 39. Kd4 g6 40. Kc4 Kd6 41. Kd4 Bb5 42. Ke3 Kd5 43. Kf2 Ke4 44. Kg3 Ke3 0-1

[Event "Nova Gorica op-A 16th"]
[Site "Nova Gorica"]
[Date "2011.02.02"]
[Round "8"]
[White "Tiselj, Peter"]
[Black "Brzac, Marijan"]
[Result "0-1"]
[WhiteElo "1601"]
[BlackElo "1888"]
[PlyCount "66"]
[EventDate "2011.01.28"]
[EventType "swiss"]
[EventRounds "9"]
[EventCountry "SLO"]
[SourceTitle "CBM 140 Extra"]
[Source "ChessBase"]
[SourceDate "2011.03.01"]
[SourceVersion "1"]
[SourceVersionDate "2011.03.01"]
[SourceQuality "1"]

1. e4 e6 2. d4 d5 3. e5 Ne7 4. Nf3 c5 5. c3 Nec6 6. Be3 Nd7 7. Nbd2 Be7 8. Be2 c4 9. 0-0 0-0 10. b3 cxb3 11. axb3 f5 12. exf6 Nxf6 13. Ne5 Nxe5 14. dxe5 Nd7 15. c4 Nxe5 16. Bxa7 Bd7 17. Bd4 Ng6 18. Nf3 Bc6 19. Rxa8 Qxa8 20. Qa1 Qxa1 21. Rxa1 Bf6 22. Ra7 dxc4 23. Bxc4 Rd8 24. Bxf6 Rd1+ 25. Bf1 gxf6 26. Ra8+ Kg7 27. Ra3 Nf4 28. Ra2 Bb5 29. Nd2 Ne2+ 30. Kh1 Nc3 31. Ra7 Bxf1 32. Rxb7+ Kg6 33. h3 Ba6+ 0-1

[Event "CRO-chT2 West"]
[Site "Croatia"]
[Date "2010.03.28"]
[Round "2.41"]
[White "Brzac, Marijan"]
[Black "Berke, Ana"]
[Result "0-1"]
[WhiteElo "1888"]
[BlackElo "2168"]
[PlyCount "58"]
[EventDate "2010.03.27"]
[EventType "team-tourn"]
[EventRounds "9"]
[EventCountry "CRO"]
[SourceTitle "EXT 2012"]
[Source "ChessBase"]
[SourceDate "2011.11.24"]
[SourceVersion "1"]
[SourceVersionDate "2011.11.24"]
[SourceQuality "1"]

1. c4 e5 2. Nc3 Nf6 3. g3 c6 4. Bg2 d5 5. cxd5 cxd5 6. Nf3 Nc6 7. d3 d4 8. Ne4 Nxe4 9. dxe4 Bb4+ 10. Bd2 Qa5 11. 0-0 Bxd2 12. Qxd2 Qxd2 13. Nxd2 Be6 14. b3 Rc8 15. f4 f6 16. Rac1 Ke7 17. h3 Nb4 18. a3 Nc2 19. Nc4 Ne3 20. Nxe3 dxe3 21. b4 Rhd8 22. f5 Bf7 23. g4 b5 24. h4 Rc4 25. Rfd1 Rdc8 26. Rxc4 bxc4 27. g5 c3 28. Rc1 c2 29. Bh3 Bb3 0-1

[Event "Nova Gorica op-B 15th"]
[Site "Nova Gorica"]
[Date "2010.02.05"]
[Round "8"]
[White "Markoja, Sebastijan"]
[Black "Brzac, Marijan"]
[Result "1/2-1/2"]
[WhiteElo "1825"]
[BlackElo "1906"]
[PlyCount "41"]
[EventDate "2010.01.31"]
[EventType "swiss"]
[EventRounds "9"]
[EventCountry "SLO"]
[SourceTitle "CBM 134 Extra"]
[Source "ChessBase"]
[SourceDate "2010.03.03"]
[SourceVersion "1"]
[SourceVersionDate "2010.03.03"]
[SourceQuality "1"]

1. e4 e6 2. d4 d5 3. Nc3 Nf6 4. Bg5 Be7 5. e5 Nfd7 6. Bxe7 Qxe7 7. f4 c5 8. Nf3 0-0 9. dxc5 Nxc5 10. Bd3 f5 11. 0-0 Nc6 12. Kh1 b6 13. Bb5 Bb7 14. Bxc6 Bxc6 15. Nd4 Bb7 16. Qd2 Rad8 17. Rad1 a6 18. Qe3 b5 19. a3 h6 20. b4 Nd7 21. Nb3 1/2-1/2